| 000 | 00554nam a2200217 a 4500 | ||
|---|---|---|---|
| 008 | |||
| 020 | _a0582307759 (hbk) | ||
| 049 | _aMAIN | ||
| 090 | _aZ49,2 MAC | ||
| 100 | 1 |
_aMackay Edith _q(Edith) |
|
| 245 | 1 | 0 |
_aUniversal Typing _cEdith Mackay |
| 260 |
_aEssex : _bLongman , _c1979 |
||
| 300 | _a3rd ed. | ||
| 300 |
_a137p : _bill. ; _c21cm |
||
| 500 | _aIncludes index | ||
| 907 |
_a.b10178107 _b13-02-07 _c03-10-05 |
||
| 003 | |||
| 005 | 20230123134120.0 | ||
| 040 | _cNUST | ||
| 942 |
_cBOOKS _kZ49,2 MAC |
||
| 999 |
_c160290 _d160290 |
||